000 00530nam a2200205Ia 4500
005 20250505124851.0
008 008 250505s9999 xx 000 0 eng d
037 _aReference
040 _aLCO
_beng
_cLCO
041 _aeng
_2eng
084 _aZ2,5 R2
_qLCO
100 _aKumar, Narendra
245 0 _aKey to investigation
_c Narendra Kumar
260 _aHaryana, India
_bLexisNexis
_c2022
300 _a212
365 _aINR
_b395
650 _aLaw
942 _cREF
_hZ2,5 R2
999 _c1310443
_d1310443